书目信息 |
| 题名: |
卡尔曼滤波与维纳滤波
|
|
| 作者: | 邓自立 著 | |
| 分册: | ||
| 出版信息: | 哈尔滨 哈尔滨工业大学出版社 2001.7 |
|
| 页数: | 396页 | |
| 开本: | 20cm | |
| 丛书名: | ||
| 单 册: | ||
| 中图分类: | O211.61 | |
| 科图分类: | ||
| 主题词: | 卡尔曼滤波 , 维纳滤波 | |
| 电子资源: | ||
| ISBN: | 7-5603-1622-0 | |
| 000 | 00725nam0 2200217 45 | |
| 001 | 0201090970 | |
| 005 | 20031219104052.5 | |
| 010 | @a7-5603-1622-0@dCNY19.00 | |
| 100 | @a20020109d2001 km y0chiy0120 ea | |
| 101 | 0 | @achi |
| 105 | @a z 000yy | |
| 200 | 1 | @a卡尔曼滤波与维纳滤波@AKa Er Man Lu Bo Yu Wei Na Lu Bo@e现代时间序列分析方法@EXian Dai Shi Jian Xu Lie Fen Xi Fang Fa@f邓自立著@FDeng Zi Li Zhu |
| 210 | @a哈尔滨@c哈尔滨工业大学出版社@d2001.7 | |
| 215 | @a396页@d20cm | |
| 517 | 1 | @a现代时间序列分析方法@AXian Dai Shi Jian Xu Lie Fen Xi Fang Fa |
| 606 | 0 | @a卡尔曼滤波 |
| 606 | 0 | @a维纳滤波 |
| 690 | @aO211.61@v4 | |
| 701 | 0 | @a邓自立@4著 |
| 801 | @aCN@bTSTC@c20020109 | |
| 905 | @f10@b303590-599@dO211.61@e112 | |
| 卡尔曼滤波与维纳滤波:现代时间序列分析方法/邓自立著.-哈尔滨:哈尔滨工业大学出版社,2001.7 |
| 396页;20cm |
| ISBN 7-5603-1622-0:CNY19.00 |
| ● |
| 相关链接 |
|
|
|
|
正题名:卡尔曼滤波与维纳滤波
索取号:O211.61/112
 
预约/预借
| 序号 | 登录号 | 条形码 | 馆藏地/架位号 | 状态 | 备注 |
| 1 | 0303590 | 203035900 | 第三借阅区/ [索取号:O211.61/112] | 在馆 | |
| 2 | 0303591 | 203035919 | 第三借阅区/ [索取号:O211.61/112] | 在馆 | |
| 3 | 0303592 | 203035928 | 第三借阅区/ [索取号:O211.61/112] | 在馆 | |
| 4 | 0303593 | 203035937 | 第三借阅区/ [索取号:O211.61/112] | 在馆 | |
| 5 | 0303594 | 203035946 | 第三借阅区/ [索取号:O211.61/112] | 在馆 | |
| 6 | 0303595 | 203035955 | 第三借阅区/ [索取号:O211.61/112] | 在馆 | |
| 7 | 0303596 | 203035964 | 第三借阅区/ [索取号:O211.61/112] | 在馆 | |
| 8 | 0303597 | 203035973 | 第三借阅区/ [索取号:O211.61/112] | 在馆 | |
| 9 | 0303598 | 203035982 | 第三借阅区/ [索取号:O211.61/112] | 在馆 | |
| 10 | 0303599 | 203035991 | 第二样本阅览室/ [索取号:O211.61/112] | 在馆 |